000 00754nam a22002417a 4500
003 DO-SdBNP
005 20260312134859.0
007 ta
008 220524b de ||||| |||| 00| 0 spa d
040 _aDO-SdBNP
_bspa
_cBNPHU
082 4 _a340.97293
_bG643c
_222
100 1 _aGonzález Herrera, Julio
_923847
245 1 0 _aCiencia jurídica dominicana.
_cJulio González Herrera
260 _aSanto Domingo :
_bDel Caribe,
_c198_.
300 _a282 p. ;
_c23 cm.
590 _aInventariado,2022/BT
650 4 _a Derecho
_zRepública Dominicana
_935307
650 0 _aÉtica social
_91353
710 1 _aRepública Dominicana.
_bOficina Nacional de Administración y Personal
_926398
910 _aBtavárez
942 _2ddc
_cLBS1
956 _aVMateo
999 _c51795
_d51795